000 00710nam a22002417a 4500
001 84976
003 UA-OsUOA
005 20260402162907.0
007 ta
008 20120613b un ||||| |||| 00| 0 ukr d
040 _aUA-OsUOA
_bukr
_cUA-OsUOA
_dUA-OsUOA
041 _aukr
080 _a821.161.2
090 _a821.161.2
_bІ-23
100 _aІваничук Р.
_924755
245 _aМальви
_bісторичний роман
_cР. Іваничук
260 _aВінніпег
_c1969
300 _a243 с.
650 7 _a82 Література. Літературознавство
_2UDC
_915
942 _cBK
_2udc
955 _a3
999 _c371291
_d371291